000 00759nam a2200217Ia 4500
003 GCL
005 20240530095332.0
008 140319s9999 xx 000 0 ara d
040 _aGCL /
_cGCL
082 0 4 _a343.0552
_bع ق
245 1 0 _aقانون ضريبة المبيعات ولائحتة التنفيذية والقوانين والقرارات المكملة له
250 _aالاولى
260 _aالقاهرة :
_bعبدالفتاح مراد
300 _a268 ص ؛
_c20 سم
650 0 4 _aالتسويق
650 0 4 _aادارة المبيعات
650 0 4 _aالضرائب - قوانين وتشريعات
650 0 4 _aالمبيعات - ضرائب
650 0 4 _aالمبيعات - قوانين وتشريعات
942 _2ddc
_cBK
999 _c6268
_d6268